[Event "Corsica Master"]
[Site "Bastia"]
[Date "2005.11.03"]
[Round "1"]
[White "Adams, Mickael"]
[Black "Riazantsev, Alexander"]
[Result "1/2-1/2"]
[WhiteElo "2520"]
[BlackElo "2699"]
[PlyCount "66"]
[EventDate "2005.??.??"]
[WhiteTeam "Israel"]
[BlackTeam "Espana"]
[WhiteTeamCountry "ISR"]
[BlackTeamCountry "ESP"]

1. e4 c6 2. d4 d5 3. exd5 cxd5 4. c4 Nf6 5. Nc3 e6 6. Nf3 Bb4 7. cxd5 Nxd5 8.
Qc2 Nc6 9. Be2 Nce7 10. a3 Bd6 11. Bg5 O-O 12. O-O h6 13. Bh4 Qc7 14. Bd3 Nxc3
15. bxc3 Nf5 16. Bg3 Nxg3 17. hxg3 b6 18. Bh7+ Kh8 19. Be4 Rb8 20. c4 Ba6 21.
Rfc1 Rbc8 22. Bd3 Bb7 23. Qe2 Be7 24. Be4 Ba6 25. Bd3 Bb7 26. Be4 Ba6 27. Bd3
Bf6 28. Ra2 Rfd8 29. Rd2 Bb7 30. Be4 Ba6 31. Bd3 Bb7 32. Be4 Ba6 33. Bd3 Bb7
1/2-1/2

[Event "Corsica Master"]
[Site "Bastia"]
[Date "2005.11.03"]
[Round "1"]
[White "Bologan, Viktor"]
[Black "Fressinet, Laurent"]
[Result "1-0"]
[WhiteElo "2503"]
[BlackElo "2755"]
[PlyCount "121"]
[EventDate "2005.??.??"]
[WhiteTeam "Espana"]
[BlackTeam "India"]
[WhiteTeamCountry "ESP"]
[BlackTeamCountry "IND"]

1. e4 e5 2. Nf3 Nc6 3. Bb5 a6 4. Ba4 Nf6 5. O-O Nxe4 6. d4 b5 7. Bb3 d5 8. dxe5
Be6 9. c3 Be7 10. Re1 O-O 11. h3 Qd7 12. Nbd2 Nc5 13. Bc2 d4 14. cxd4 Nxd4 15.
Nxd4 Qxd4 16. Qh5 Nd3 17. Bxd3 Qxd3 18. Ne4 Rad8 19. Bf4 c5 20. Re3 Qd4 21.
Rae1 Bd5 22. Bg5 Bxg5 23. Nxg5 h6 24. Rg3 hxg5 25. Qxg5 g6 26. Rg4 Be6 27. Rxd4
Rxd4 28. Qe7 c4 29. Qc5 Rfd8 30. f3 Rd2 31. Qe7 R8d4 32. Kh2 Rxb2 33. a3 Rdd2
34. Rg1 c3 35. Qc5 Rdc2 36. Kg3 a5 37. Kf4 b4 38. axb4 Rxb4+ 39. Kg5 Kg7 40. h4
Rbb2 41. g4 Re2 42. h5 c2 43. h6+ Kg8 44. Qc7 Rb5 45. f4 Kh7 46. Qd6 Rb7 47.
Qf8 f6+ 48. Qxf6 Bg8 49. f5 gxf5 50. gxf5 Rd2 51. Qg6+ Kh8 52. Qf6+ Kh7 53. e6
Rd1 54. Qg6+ Kh8 55. Kf6 Rxg1 56. Qxg1 Rc7 57. Qc1 Rc6 58. Ke5 a4 59. Kd5 Rc7
60. Kd6 Rc8 61. Qb2+ 1-0

[Event "Corsica Master"]
[Site "Bastia"]
[Date "2005.11.03"]
[Round "1"]
[White "Adams, Mickael"]
[Black "Riazantsev, Alexander"]
[Result "1/2-1/2"]
[WhiteElo "2520"]
[BlackElo "2699"]
[PlyCount "91"]
[EventDate "2005.??.??"]
[WhiteTeam "Israel"]
[BlackTeam "Espana"]
[WhiteTeamCountry "ISR"]
[BlackTeamCountry "ESP"]

1. e4 c6 2. d4 d5 3. Nd2 dxe4 4. Nxe4 Bf5 5. Ng3 Bg6 6. h4 h6 7. Nf3 Nd7 8. h5
Bh7 9. Bd3 Bxd3 10. Qxd3 e6 11. Bf4 Qa5+ 12. Bd2 Bb4 13. c3 Be7 14. c4 Qc7 15.
O-O Ngf6 16. Rfe1 O-O 17. Qe2 Rad8 18. Bc3 Bd6 19. Ne5 c5 20. Nxd7 Rxd7 21. d5
Bxg3 22. Bxf6 Bh2+ 23. Kh1 gxf6 24. g3 exd5 25. Kxh2 d4 26. Rad1 Qd6 27. Qg4+
Kh8 28. Re4 Re7 29. Rde1 Rxe4 30. Qxe4 d3 31. Rd1 Rd8 32. Rd2 b6 33. Qe3 Kg7
34. b3 Rd7 35. Qf3 Qd4 36. Kg2 Rd6 37. Qf5 a6 38. Kf3 Rd8 39. Qe4 Qc3 40. Qg4+
Kf8 41. Qf4 Kg7 42. Qg4+ Kf8 43. Qf4 Kg7 44. Qg4+ Kf8 45. Qf4 Kg7 46. Qg4+
1/2-1/2

[Event "Corsica Master"]
[Site "Bastia"]
[Date "2005.11.03"]
[Round "1"]
[White "Bologan, Viktor"]
[Black "Fressinet, Laurent"]
[Result "1/2-1/2"]
[WhiteElo "2503"]
[BlackElo "2755"]
[PlyCount "170"]
[EventDate "2005.??.??"]
[WhiteTeam "Espana"]
[BlackTeam "India"]
[WhiteTeamCountry "ESP"]
[BlackTeamCountry "IND"]

1. e4 e5 2. Nf3 Nc6 3. Bb5 a6 4. Ba4 Nf6 5. d3 Be7 6. O-O b5 7. Bb3 O-O 8. h3
d6 9. c3 Na5 10. Bc2 c5 11. Nbd2 Nc6 12. Re1 Re8 13. Nf1 h6 14. a3 Bf8 15. Ne3
Be6 16. b4 d5 17. exd5 Nxd5 18. Nxd5 Qxd5 19. Be3 Bf5 20. bxc5 Bxc5 21. Bb3 Qd6
22. d4 exd4 23. Nxd4 Nxd4 24. cxd4 Bb6 25. Rc1 Bg6 26. Qg4 Kh7 27. a4 Re4 28.
Qf3 Rf8 29. axb5 axb5 30. Bc2 Re6 31. Bxg6+ Rxg6 32. Qf5 b4 33. d5 Bxe3 34.
Rxe3 Qf6 35. Qe4 Qb2 36. Rb1 Qa2 37. Rxb4 Kg8 38. Rb1 Rd8 39. Rd1 Qa6 40. Red3
Qd6 41. R3d2 Rf6 42. g3 h5 43. h4 g6 44. Kg2 Rf5 45. Rd3 Kg7 46. R1d2 Kg8 47.
Qc4 Kg7 48. Qc6 Kg8 49. Qxd6 Rxd6 50. f4 Kf8 51. Kf3 Ke7 52. Ke4 Rff6 53. Rc2
Rd7 54. Rc8 Ra6 55. Rc6 Ra4+ 56. Ke5 Ra5 57. f5 gxf5 58. Rh6 Ra4 59. Kxf5 Ra1
60. Rxh5 Rf1+ 61. Kg4 Rd6 62. Re5+ Kf6 63. Rg5 Ke7 64. Re3+ Kf8 65. Rf3 Rd1 66.
Rff5 Rd4+ 67. Kf3 Ke7 68. Ke3 Rd1 69. h5 Rh1 70. g4 Kf8 71. Re5 f6 72. Rgf5
Re1+ 73. Kd4 Rxe5 74. Rxe5 fxe5+ 75. Kxe5 Rh6 76. d6 Ke8 77. g5 Rxh5 78. Kf6
Rh1 79. g6 Rf1+ 80. Ke6 Rg1 81. Kf6 Kd7 82. g7 Kxd6 83. Kf7 Rf1+ 84. Ke8 Rg1
85. Kf7 Rf1+ 1/2-1/2

[Event "Corsica Master"]
[Site "Bastia"]
[Date "2005.11.03"]
[Round "1"]
[White "Riazantsev, Alexander"]
[Black "Adams, Mickael"]
[Result "1/2-1/2"]
[WhiteElo "2520"]
[BlackElo "2699"]
[PlyCount "92"]
[EventDate "2005.??.??"]
[WhiteTeam "Israel"]
[BlackTeam "Espana"]
[WhiteTeamCountry "ISR"]
[BlackTeamCountry "ESP"]

1. d4 Nf6 2. c4 e6 3. Nf3 b6 4. a3 Ba6 5. Qc2 Bb7 6. Nc3 c5 7. dxc5 bxc5 8. Bf4
Be7 9. Rd1 O-O 10. e3 a6 11. Be2 d6 12. Rd2 Qc7 13. O-O Nh5 14. Bg5 Bxg5 15.
Nxg5 Nf6 16. Rfd1 Rd8 17. Bf3 Bxf3 18. Nxf3 Nc6 19. Ne4 Nxe4 20. Qxe4 h6 21.
Qf4 Ne5 22. Nxe5 dxe5 23. Qe4 f5 24. Qc2 e4 25. g3 a5 26. Qa4 Rxd2 27. Rxd2 Rd8
28. Rxd8+ Qxd8 29. h4 Kf7 30. Kg2 Qd2 31. Qb5 Qd1 32. Qxc5 Qf3+ 33. Kg1 Qd1+
34. Kh2 Qe2 35. Qc7+ Kg6 36. Kg2 Qf3+ 37. Kg1 Qd1+ 38. Kh2 Qe2 39. Kg2 Qf3+ 40.
Kg1 Qd1+ 41. Kg2 Qf3+ 42. Kg1 Qd1+ 43. Kh2 Qe2 44. Kg1 Qd1+ 45. Kg2 Qf3+ 46.
Kg1 Qd1+ 1/2-1/2

[Event "Corsica Master"]
[Site "Bastia"]
[Date "2005.11.03"]
[Round "1"]
[White "Adams, Mickael"]
[Black "Riazantsev, Alexander"]
[Result "1-0"]
[WhiteElo "2520"]
[BlackElo "2699"]
[PlyCount "89"]
[EventDate "2005.??.??"]
[WhiteTeam "Israel"]
[BlackTeam "Espana"]
[WhiteTeamCountry "ISR"]
[BlackTeamCountry "ESP"]

1. d4 d5 2. Bg5 c6 3. e3 h6 4. Bh4 Qb6 5. Qc1 Bf5 6. Nf3 e6 7. Be2 Nd7 8. O-O
Be7 9. Bg3 Ngf6 10. c4 O-O 11. Nc3 a5 12. h3 Ne4 13. Nxe4 Bxe4 14. Nd2 Bg6 15.
c5 Qd8 16. Qc3 Re8 17. Rfe1 Bf6 18. f4 b6 19. cxb6 Qxb6 20. Rac1 Rec8 21. Nb3
Be7 22. Nc5 Nxc5 23. dxc5 Qb7 24. b3 Bf6 25. Qd2 Qb4 26. Red1 Be4 27. Be1 Qb7
28. Bd3 Bf5 29. Qc2 Bxd3 30. Qxd3 e5 31. e4 dxe4 32. Qxe4 exf4 33. Rd6 Re8 34.
Qxc6 Qe7 35. Bf2 Rac8 36. Qd5 Qe2 37. a4 Qb2 38. Rf1 Re2 39. Rd7 Rf8 40. c6 Rc2
41. c7 Kh7 42. Qe4+ g6 43. Qxf4 Kg7 44. Kh1 Rc8 45. Bd4 1-0

[Event "Corsica Master"]
[Site "Bastia"]
[Date "2005.11.03"]
[Round "1"]
[White "Adams, Mickael"]
[Black "Fressinet, Laurent"]
[Result "1-0"]
[WhiteElo "2520"]
[BlackElo "2699"]
[PlyCount "157"]
[EventDate "2005.??.??"]
[WhiteTeam "Israel"]
[BlackTeam "Espana"]
[WhiteTeamCountry "ISR"]
[BlackTeamCountry "ESP"]

1. e4 e5 2. Nf3 Nc6 3. Bb5 a6 4. Ba4 Nf6 5. O-O Nxe4 6. d4 b5 7. Bb3 d5 8. dxe5
Be6 9. Be3 Be7 10. Nbd2 O-O 11. c3 Bg4 12. Nxe4 dxe4 13. Qd5 Qxd5 14. Bxd5 exf3
15. Bxc6 fxg2 16. Kxg2 Rab8 17. h3 Be2 18. Rfe1 Bc4 19. b3 Be6 20. b4 Rbd8 21.
a4 Bd5+ 22. Bxd5 Rxd5 23. axb5 axb5 24. Ra7 Rc8 25. Rea1 f5 26. e6 Bf6 27. R1a6
c6 28. Bc5 Rdd8 29. Be7 Re8 30. Bxf6 gxf6 31. Rb7 Rxe6 32. Raa7 h5 33. Rg7+ Kf8
34. Rh7 Kg8 35. Rag7+ Kf8 36. Rb7 Kg8 37. Rxh5 f4 38. Rf5 Rd8 39. Rxf4 Rd3 40.
Rg4+ Kh8 41. c4 bxc4 42. Rxc4 Rdd6 43. Rh4+ Kg8 44. Rg4+ Kh8 45. Rgg7 Re8 46.
Rh7+ Kg8 47. Rbg7+ Kf8 48. Rb7 Kg8 49. h4 Rd4 50. h5 Rg4+ 51. Kf3 Rg5 52. h6
Rf5+ 53. Kg3 Rg5+ 54. Kf4 Rd8 55. Rhc7 Rd4+ 56. Ke3 Rd8 57. Rxc6 Rg6 58. h7+
Kh8 59. b5 Re8+ 60. Kd2 Rf8 61. Rbc7 Rg2 62. Ke2 Re8+ 63. Kf3 Rg5 64. Rc8 Rxc8
65. Rxc8+ Kxh7 66. Rb8 Re5 67. b6 Rb5 68. Ke4 Kg6 69. Kd4 Kf5 70. Kc4 Rb2 71.
Kc5 Rxf2 72. Rf8 Rb2 73. Kc6 Kg5 74. b7 f5 75. b8=Q Rxb8 76. Rxb8 f4 77. Rf8
Kg4 78. Kd5 f3 79. Ke4 1-0

[Event "Corsica Master"]
[Site "Bastia"]
[Date "2005.11.03"]
[Round "1"]
[White "Fressinet, Laurent"]
[Black "Adams, Mickael"]
[Result "0-1"]
[WhiteElo "2520"]
[BlackElo "2699"]
[PlyCount "70"]
[EventDate "2005.??.??"]
[WhiteTeam "Israel"]
[BlackTeam "Espana"]
[WhiteTeamCountry "ISR"]
[BlackTeamCountry "ESP"]

1. e4 e5 2. Nf3 Nc6 3. Bb5 a6 4. Ba4 Nf6 5. O-O Be7 6. Re1 d6 7. Bxc6+ bxc6 8.
d4 exd4 9. Nxd4 Bd7 10. Nc3 O-O 11. Qf3 Re8 12. b3 d5 13. e5 Bc5 14. Qf4 Ba7
15. Ba3 Nh5 16. Qd2 Qh4 17. Nf3 Qf4 18. Qxf4 Nxf4 19. h3 Bf5 20. Rac1 h6 21.
Ne2 Nxe2+ 22. Rxe2 c5 23. c4 d4 24. Rd1 a5 25. g4 Bh7 26. Ne1 a4 27. b4 cxb4
28. Bxb4 Rab8 29. Ba3 Rb1 30. Rxb1 Bxb1 31. Rb2 Be4 32. f4 g5 33. c5 gxf4 34.
Rd2 d3 35. Kf2 Rxe5 0-1

[Event "Corsica Master"]
[Site "Bastia"]
[Date "2005.11.03"]
[Round "1"]
[White "David, Alberto"]
[Black "Almasi, Zoltan"]
[Result "0-1"]
[WhiteElo "2622"]
[BlackElo "2620"]
[PlyCount "114"]
[EventDate "2005.??.??"]
[WhiteTeam "Germany"]
[BlackTeam "Switzerland"]
[WhiteTeamCountry "GER"]
[BlackTeamCountry "SUI"]

1. d4 g6 2. c4 Bg7 3. e4 d6 4. Nc3 Nf6 5. Nf3 O-O 6. Be2 c5 7. O-O Nc6 8. d5
Na5 9. h3 e6 10. Bg5 h6 11. Bf4 e5 12. Be3 Nh5 13. Qd2 Kh7 14. Ne1 b6 15. Rc1
Bd7 16. b3 Qh4 17. Bxh5 Qxh5 18. f4 exf4 19. Bxf4 Nb7 20. Nf3 g5 21. Bh2 Rae8
22. Ne2 Qg6 23. Ng3 Re7 24. Qd3 Rfe8 25. Kh1 Kg8 26. Nd2 Be5 27. Rce1 f6 28.
Re2 Nd8 29. Ref2 Rf8 30. Nf5 Bxf5 31. Rxf5 Nf7 32. Qf3 Kg7 33. a4 h5 34. Qd1 g4
35. Bf4 Bxf4 36. R5xf4 Nh6 37. Qe1 Re5 38. Qg3 Rg5 39. h4 Re5 40. Qc3 Kh7 41.
a5 f5 42. axb6 axb6 43. Kg1 Rfe8 44. exf5 Rxf5 45. Qd3 Rxf4 46. Qxg6+ Kxg6 47.
Rxf4 Re2 48. Rf2 Re3 49. Kf1 Nf5 50. Rf4 Nxh4 51. Ne4 Nf5 52. Kf2 Rxb3 53. g3
Rb2+ 54. Kf1 Rb4 55. Ke2 Rxc4 56. Kd3 Rd4+ 57. Ke2 Rxe4+ 0-1

[Event "Corsica Master"]
[Site "Bastia"]
[Date "2005.11.03"]
[Round "1"]
[White "Milov, Vadim"]
[Black "Polgar, Judith"]
[Result "1-0"]
[WhiteElo "2524"]
[BlackElo "2688"]
[PlyCount "143"]
[EventDate "2005.??.??"]
[WhiteTeam "Belarus"]
[BlackTeam "Russia"]
[WhiteTeamCountry "BLR"]
[BlackTeamCountry "RUS"]

1. d4 Nf6 2. c4 e6 3. Nc3 Bb4 4. e3 O-O 5. Bd3 d5 6. cxd5 exd5 7. Nge2 Bd6 8.
Bd2 a5 9. Rc1 Na6 10. Ng3 Nb4 11. Bb1 c5 12. Nb5 Bxg3 13. hxg3 Bg4 14. f3 Bd7
15. Nc3 Re8 16. Ne2 cxd4 17. Nxd4 Nc6 18. Kf2 Ne5 19. g4 h6 20. b3 a4 21. Kg1
axb3 22. axb3 Qb6 23. Qe1 Bb5 24. Qh4 Bd3 25. g5 Nh7 26. gxh6 g6 27. Bxd3 Nxd3
28. Rd1 Ra2 29. Qg3 Nc5 30. Bc3 Qd8 31. Nf5 Rc2 32. Bg7 Ne6 33. Be5 Qg5 34.
Qxg5 Nexg5 35. Nd4 Rc3 36. Bg7 Rcxe3 37. Kf2 f6 38. Rd2 Nf7 39. Rc1 R3e7 40.
Nb5 Re5 41. Rcd1 Nfg5 42. Nc7 Rc8 43. Nxd5 Kf7 44. Nf4 Re7 45. Rd7 Rc2+ 46. Kg3
Rc7 47. Rxe7+ Rxe7 48. Rd8 Ne6 49. Nxe6 Rxe6 50. Rh8 Ng5 51. Rf8+ Ke7 52. Rb8
Rb6 53. f4 Rxb3+ 54. Kh2 Nf7 55. h7 Rb5 56. h8=Q Nxh8 57. Bxh8 Ke6 58. Rf8 Ke7
59. Rb8 Ke6 60. Bg7 Rb4 61. g3 g5 62. fxg5 fxg5 63. Kh3 Kf5 64. Rf8+ Kg6 65.
Bc3 Rb3 66. Rc8 b5 67. Kg4 b4 68. Rc6+ Kf7 69. Be5 Re3 70. Kf5 Ke7 71. Rc7+ Kd8
72. Rb7 1-0

[Event "Corsica Master"]
[Site "Bastia"]
[Date "2005.11.03"]
[Round "1"]
[White "David, Alberto"]
[Black "Almasi, Zoltan"]
[Result "0-1"]
[WhiteElo "2524"]
[BlackElo "2688"]
[PlyCount "62"]
[EventDate "2005.??.??"]
[WhiteTeam "Belarus"]
[BlackTeam "Russia"]
[WhiteTeamCountry "BLR"]
[BlackTeamCountry "RUS"]

1. d4 g6 2. e4 Bg7 3. Nc3 d6 4. Be3 a6 5. Qd2 Nd7 6. Bd3 b5 7. Nf3 Bb7 8. Ne2
Ngf6 9. Ng3 c5 10. c3 O-O 11. h3 Rc8 12. O-O Qa5 13. b4 cxb4 14. cxb4 Qd8 15.
Rac1 Nb6 16. d5 Nfd7 17. Bh6 Rxc1 18. Rxc1 Nf6 19. Nd4 Kh8 20. Bxg7+ Kxg7 21.
Qg5 Nbd7 22. Nc6 Bxc6 23. dxc6 Ne5 24. c7 Qd7 25. Nf5+ Kh8 26. Nxe7 Qxe7 27.
c8=Q Rxc8 28. Rxc8+ Kg7 29. Qe3 Qe6 30. f4 Nxd3 31. Qxd3 Qxc8 0-1

[Event "Corsica Master"]
[Site "Bastia"]
[Date "2005.11.03"]
[Round "1"]
[White "Almasi, Zoltan"]
[Black "David, Alberto"]
[Result "1/2-1/2"]
[WhiteElo "2524"]
[BlackElo "2688"]
[PlyCount "111"]
[EventDate "2005.??.??"]
[WhiteTeam "Belarus"]
[BlackTeam "Russia"]
[WhiteTeamCountry "BLR"]
[BlackTeamCountry "RUS"]

1. Nf3 Nf6 2. g3 c5 3. Bg2 Nc6 4. c4 d5 5. cxd5 Nxd5 6. Nc3 Nc7 7. O-O e5 8. d3
Be7 9. Nd2 Bd7 10. Nc4 O-O 11. Bxc6 Bxc6 12. Nxe5 Be8 13. Qb3 b5 14. Be3 Kh8
15. Rac1 f6 16. Nf3 Bc6 17. Ne4 c4 18. Qc2 f5 19. Ned2 Nd5 20. dxc4 Nxe3 21.
fxe3 Bc5 22. Rcd1 Bxe3+ 23. Kg2 Qe7 24. cxb5 Bxb5 25. Nc4 Rac8 26. b3 Bc6 27.
Qc3 Bc5 28. Qe5 Rce8 29. Qxe7 Rxe7 30. e3 g5 31. Kf2 f4 32. gxf4 gxf4 33. Nfe5
fxe3+ 34. Ke2 Rxf1 35. Rxf1 Bb5 36. Nd3 Bd4 37. Rf4 Rd7 38. a4 Ba6 39. Re4 Bb6
40. Re6 Rd5 41. a5 Bxc4 42. bxc4 Rxa5 43. c5 Bxc5 44. Nxc5 Rxc5 45. Re8+ Kg7
46. Re7+ Kg6 47. Rxa7 Re5 48. Ra3 Rh5 49. Rxe3 Rxh2+ 50. Kf1 Kg5 51. Kg1 Rd2
52. Ra3 h5 53. Rb3 h4 54. Ra3 Kg4 55. Rb3 h3 56. Ra3 1/2-1/2

[Event "Corsica Master"]
[Site "Bastia"]
[Date "2005.11.03"]
[Round "1"]
[White "Milov, Vadim"]
[Black "Almasi, Zoltan"]
[Result "*"]
[WhiteElo "2524"]
[BlackElo "2688"]
[PlyCount "135"]
[EventDate "2005.??.??"]
[WhiteTeam "Belarus"]
[BlackTeam "Russia"]
[WhiteTeamCountry "BLR"]
[BlackTeamCountry "RUS"]

1. d4 Nf6 2. c4 e6 3. Nc3 Bb4 4. e3 O-O 5. Bd3 d5 6. cxd5 exd5 7. Nge2 Re8 8.
Bd2 Bd6 9. Rc1 c6 10. Ng3 Nbd7 11. O-O Nf8 12. f3 c5 13. Nb5 Bxg3 14. hxg3 c4
15. Bb1 Qb6 16. Nc3 Qxb2 17. e4 dxe4 18. fxe4 Bg4 19. Qe1 Rad8 20. Be3 Bh5 21.
e5 Ng4 22. Be4 b6 23. Bc6 Re7 24. Rb1 Qa3 25. Bc1 Qa5 26. Rb5 Qa6 27. Nd5 Re6
28. Nc7 Qc8 29. Nxe6 Nxe6 30. d5 Nd4 31. Bg5 Rf8 32. a4 Nxc6 33. dxc6 Qxc6 34.
Be7 Re8 35. Bd6 a6 36. Rb4 Nxe5 37. Bxe5 Qc5+ 38. Kh2 Rxe5 39. Rxc4 Qxc4 40.
Qxe5 h6 41. Rf4 Qe2 42. Qb8+ Kh7 43. Qxb6 Bg6 44. Qf2 Qd3 45. Qd4 Qe2 46. Rf2
Qh5+ 47. Qh4 Qd5 48. Rb2 Qd3 49. Qf4 Qd5 50. g4 Qd3 51. Rd2 Qb3 52. Rd8 Qe6 53.
Qb8 Be4 54. Rh8+ Kg6 55. Qf4 f6 56. Rd8 Bc2 57. Rd6 Qe2 58. Rd2 Qe4 59. Qxe4+
Bxe4 60. Rd6 Bb7 61. Kg3 Bc8 62. Rc6 Bb7 63. Rb6 Bc8 64. Kf4 h5 65. gxh5+ Kxh5
66. Rc6 Bb7 67. Rc7 g5+ 68. Kf5 *

[Event "Corsica Master"]
[Site "Bastia"]
[Date "2005.11.03"]
[Round "1"]
[White "Anand, Viswanathan"]
[Black "Adams, Michael"]
[Result "1/2-1/2"]
[WhiteElo "2520"]
[BlackElo "2699"]
[PlyCount "67"]
[EventDate "2005.??.??"]
[WhiteTeam "Israel"]
[BlackTeam "Espana"]
[WhiteTeamCountry "ISR"]
[BlackTeamCountry "ESP"]

1. e4 e5 2. Nf3 Nc6 3. Bb5 a6 4. Ba4 Nf6 5. O-O Be7 6. Re1 d6 7. c3 Bg4 8. d3
Nd7 9. Be3 h6 10. h3 Bh5 11. Nbd2 Bg5 12. Qe2 Bxe3 13. Qxe3 O-O 14. Bxc6 bxc6
15. b4 a5 16. Nc4 axb4 17. cxb4 Bxf3 18. Qxf3 c5 19. Reb1 Ra4 20. a3 cxb4 21.
axb4 Rxa1 22. Rxa1 Qb8 23. Ne3 Nf6 24. Nf5 Kh7 25. Rc1 Re8 26. h4 h5 27. Ng3
Kg8 28. Nxh5 Nxh5 29. Qxh5 Qxb4 30. g3 c5 31. Qd1 Rb8 32. Ra1 Qb3 33. Qe2 Qb2
34. Qxb2 1/2-1/2

[Event "Corsica Master"]
[Site "Bastia"]
[Date "2005.11.03"]
[Round "1"]
[White "Almasi, Zoltan"]
[Black "Milov, Vadim"]
[Result "1-0"]
[WhiteElo "2524"]
[BlackElo "2688"]
[PlyCount "141"]
[EventDate "2005.??.??"]
[WhiteTeam "Belarus"]
[BlackTeam "Russia"]
[WhiteTeamCountry "BLR"]
[BlackTeamCountry "RUS"]

1. e4 e6 2. d4 d5 3. Nc3 dxe4 4. Nxe4 Nd7 5. Nf3 Ngf6 6. Nxf6+ Nxf6 7. c3 c5 8.
Ne5 a6 9. Bg5 Qc7 10. Qa4+ Bd7 11. Nxd7 Qxd7 12. Qxd7+ Kxd7 13. O-O-O Kc7 14.
Bh4 Rd8 15. dxc5 Rxd1+ 16. Kxd1 Bxc5 17. Bd3 h6 18. Ke2 Nh5 19. Bc2 g5 20. Bg3+
Nxg3+ 21. hxg3 h5 22. Bb3 h4 23. f4 gxf4 24. gxh4 Be7 25. h5 Bg5 26. Kf3 Bh6
27. Rd1 Rg8 28. Ba4 b5 29. Bb3 Rg5 30. Rh1 Rg3+ 31. Kf2 Rd3 32. Ke2 Re3+ 33.
Kf2 Rd3 34. Rh4 Rg3 35. Rh1 Rd3 36. Rd1 Rg3 37. Rd4 Rg5 38. Bd1 e5 39. Rd5 e4
40. Rd4 f5 41. Rd5 Kc6 42. Re5 Kd6 43. Re8 f3 44. gxf3 e3+ 45. Rxe3 Rxh5 46.
Rd3+ Kc5 47. Kg3 Bc1 48. b4+ Kc6 49. Bb3 Rg5+ 50. Kh4 Rg2 51. Rd5 f4 52. Rf5
Rg7 53. a4 Kb6 54. Rf6+ Ka7 55. a5 Rc7 56. Bd5 Rd7 57. Be4 Rd8 58. Rf7+ Kb8 59.
Rb7+ Kc8 60. Rb6 Rd2 61. Rxa6 Ra2 62. Rb6 Ra3 63. Rxb5 Rxc3 64. a6 Be3 65. Rb7
Rc7 66. Bf5+ Kd8 67. Rb8+ Ke7 68. b5 Kf6 69. Be4 Rc1 70. Kh3 Ra1 71. b6 1-0

[Event "Corsica Master"]
[Site "Bastia"]
[Date "2005.11.03"]
[Round "1"]
[White "Adams, Michael"]
[Black "Anand, Viswanathan"]
[Result "1/2-1/2"]
[WhiteElo "2520"]
[BlackElo "2699"]
[PlyCount "133"]
[EventDate "2005.??.??"]
[WhiteTeam "Israel"]
[BlackTeam "Espana"]
[WhiteTeamCountry "ISR"]
[BlackTeamCountry "ESP"]

1. e4 c6 2. d4 d5 3. Nd2 dxe4 4. Nxe4 Bf5 5. Ng3 Bg6 6. h4 h6 7. Nf3 Nd7 8. h5
Bh7 9. Bd3 Bxd3 10. Qxd3 e6 11. Bf4 Ngf6 12. O-O-O Be7 13. Kb1 a5 14. Ne4 Nxe4
15. Qxe4 Nf6 16. Qe2 Qd5 17. Ne5 Qe4 18. Qxe4 Nxe4 19. Rhe1 Nf6 20. g4 a4 21.
c4 O-O 22. Be3 Bd6 23. Rg1 Kh7 24. f4 b5 25. g5 hxg5 26. Nxf7 Rxf7 27. fxg5
Rff8 28. gxf6 Rxf6 29. cxb5 cxb5 30. d5 Re8 31. dxe6 Rfxe6 32. Bd4 Be5 33. Rg4
Bxd4 34. Rgxd4 Re5 35. Rd5 Kh6 36. Kc2 Kxh5 37. Kc3 g5 38. Kb4 Rxd5 39. Rxd5
Rb8 40. b3 axb3 41. axb3 Kh4 42. Rd7 g4 43. Rh7+ Kg5 44. Rg7+ Kf5 45. Rf7+ Kg6
46. Rd7 Kf6 47. Rd4 Kf5 48. Rd5+ Kg6 49. Rd6+ Kh5 50. Rd7 g3 51. Rg7 Kh4 52.
Rg6 Rb7 53. Rg8 Kh3 54. Rg6 g2 55. Rh6+ Kg3 56. Rg6+ Kf2 57. Rf6+ Kg1 58. Rg6
Rb8 59. Rg7 Rf8 60. Kxb5 Kf2 61. b4 g1=Q 62. Rxg1 Kxg1 63. Kc5 Rc8+ 64. Kd5 Rb8
65. Kc5 Kf2 66. b5 Rxb5+ 67. Kxb5 1/2-1/2

[Event "Corsica Master"]
[Site "Bastia"]
[Date "2005.11.03"]
[Round "1"]
[White "Adams, Michael"]
[Black "Anand, Viswanathan"]
[Result "0-1"]
[WhiteElo "2520"]
[BlackElo "2699"]
[PlyCount "106"]
[EventDate "2005.??.??"]
[WhiteTeam "Israel"]
[BlackTeam "Espana"]
[WhiteTeamCountry "ISR"]
[BlackTeamCountry "ESP"]

1. e4 c5 2. Nf3 d6 3. d4 cxd4 4. Nxd4 Nf6 5. Nc3 a6 6. Be2 e5 7. Nb3 Be7 8. O-O
O-O 9. Kh1 b6 10. Be3 Bb7 11. f3 b5 12. a4 b4 13. Nd5 Nxd5 14. exd5 Nd7 15. c4
bxc3 16. bxc3 Bg5 17. Bg1 f5 18. c4 Nf6 19. Rb1 Nh5 20. g3 f4 21. g4 Nf6 22.
Nd2 Bc8 23. Bd3 h5 24. h3 Bh4 25. Kg2 Bg3 26. Bf2 Bxf2 27. Rxf2 hxg4 28. hxg4
Nxg4 29. fxg4 Qh4 30. Nf3 Qg3+ 31. Kf1 e4 32. Bxe4 Bxg4 33. Qd3 Bh3+ 34. Ke2
Rae8 35. Rg1 Bf5 36. Rxg3 fxg3 37. Nd2 gxf2 38. Kf1 Bxe4 39. Nxe4 Rf4 40. Nxf2
Ref8 41. Ke1 Rxf2 42. Qg6 R2f6 43. Qg4 Rf1+ 44. Ke2 R1f2+ 45. Ke1 R8f6 46. Qc8+
Kh7 47. Qxa6 Ra2 48. c5 Rh6 49. Qd3+ Kg8 50. Qe4 Rh1+ 51. Qxh1 Ra1+ 52. Kd2
Rxh1 53. c6 Kf7 0-1

[Event "Corsica Master"]
[Site "Bastia"]
[Date "2005.11.03"]
[Round "1"]
[White "Milov, Vadim"]
[Black "Almasi, Zoltan"]
[Result "1-0"]
[WhiteElo "2524"]
[BlackElo "2688"]
[PlyCount "95"]
[EventDate "2005.??.??"]
[WhiteTeam "Belarus"]
[BlackTeam "Russia"]
[WhiteTeamCountry "BLR"]
[BlackTeamCountry "RUS"]

1. d4 Nf6 2. c4 e6 3. Nc3 Bb4 4. e3 O-O 5. Bd3 d5 6. cxd5 exd5 7. Nge2 Re8 8.
Bd2 Bd6 9. Rc1 c6 10. f3 b5 11. Ng3 Nbd7 12. O-O Nb6 13. b3 h5 14. Qe1 g6 15.
Qf2 b4 16. Nd1 Qc7 17. Re1 Bd7 18. Nb2 Re6 19. Bb1 Rae8 20. Nd3 a5 21. Nc5 R6e7
22. Nf1 Bc8 23. Qh4 Nh7 24. e4 dxe4 25. fxe4 Bxc5 26. Rxc5 Nd7 27. Rcc1 Ndf6
28. e5 Nd5 29. Ng3 Qa7 30. Kh1 Nc7 31. Nxh5 Nd5 32. Ng3 Qd7 33. h3 c5 34. Rxc5
Bb7 35. Ne4 Re6 36. Rf1 Rf8 37. Rcc1 Ne7 38. Nc5 Qd5 39. Qf2 Bc6 40. Be4 Qd8
41. Nxe6 fxe6 42. Qe2 Nf5 43. Rxf5 gxf5 44. Bxc6 Qxd4 45. Bf3 f4 46. Rc4 Qa1+
47. Kh2 Ng5 48. Bxf4 1-0

[Event "Corsica Master"]
[Site "Bastia"]
[Date "2005.11.03"]
[Round "1"]
[White "Anand, Viswanathan"]
[Black "Adams, Michael"]
[Result "1-0"]
[WhiteElo "2520"]
[BlackElo "2699"]
[PlyCount "109"]
[EventDate "2005.??.??"]
[WhiteTeam "Israel"]
[BlackTeam "Espana"]
[WhiteTeamCountry "ISR"]
[BlackTeamCountry "ESP"]

1. e4 e5 2. Nf3 Nc6 3. Bb5 a6 4. Ba4 Nf6 5. O-O Be7 6. Re1 b5 7. Bb3 d6 8. c3
O-O 9. h3 Na5 10. Bc2 c5 11. d4 Nd7 12. dxc5 dxc5 13. Nbd2 Bb7 14. Nf1 Nc4 15.
Qe2 Re8 16. Ng3 Bf8 17. Nf5 Nd6 18. Nxd6 Bxd6 19. Rd1 Qc7 20. a4 Bc6 21. Bg5 h6
22. Be3 Be7 23. Nh2 Nb6 24. Ng4 h5 25. Nh2 g6 26. b3 Qb7 27. a5 Nd7 28. Nf3 Bf8
29. Nd2 Nf6 30. f3 Bd7 31. c4 Be6 32. Bd3 b4 33. Nf1 Nd7 34. Bf2 Nb8 35. Ne3
Nc6 36. Nd5 Kh8 37. Rf1 Nd4 38. Bxd4 cxd4 39. f4 Bxd5 40. cxd5 exf4 41. Rxf4
Bd6 42. Rf6 Be5 43. Rc6 Qe7 44. Qf3 Kg7 45. Rf1 Rec8 46. Bc4 f6 47. Re6 Qd8 48.
d6 Ra7 49. g4 hxg4 50. hxg4 Rc5 51. g5 fxg5 52. Qg4 Bf4 53. Rxf4 gxf4 54. Qxg6+
Kh8 55. Re8+ 1-0

[Event "Corsica Master"]
[Site "Bastia"]
[Date "2005.11.03"]
[Round "1"]
[White "Milov, Vadim"]
[Black "Anand, Viswanathan"]
[Result "1-0"]
[WhiteElo "2520"]
[BlackElo "2699"]
[PlyCount "139"]
[EventDate "2005.??.??"]
[WhiteTeam "Israel"]
[BlackTeam "Espana"]
[WhiteTeamCountry "ISR"]
[BlackTeamCountry "ESP"]

1. d4 Nf6 2. c4 e6 3. Nc3 Bb4 4. e3 O-O 5. Bd3 c5 6. Nge2 cxd4 7. exd4 d5 8.
cxd5 Nxd5 9. O-O Nc6 10. Nxd5 exd5 11. Nf4 Bd6 12. Be3 Bxf4 13. Bxf4 Qf6 14.
Be3 Bf5 15. Rc1 Bxd3 16. Qxd3 Rfe8 17. Rfd1 Re7 18. a3 Rae8 19. h3 h6 20. Rc5
Rd7 21. b4 b6 22. Rc2 Ne7 23. Bc1 Nf5 24. Qf3 Re4 25. Bb2 Qe6 26. b5 Re7 27. a4
Nh4 28. Qg3 Ng6 29. Bc1 Kh7 30. Be3 f5 31. Rc6 Qf7 32. Bc1 f4 33. Qg4 f3 34.
Qxf3 Re1+ 35. Rxe1 Rxe1+ 36. Kh2 Qxf3 37. gxf3 Nh4 38. Be3 Ra1 39. Kg3 Ng6 40.
h4 h5 41. Rc7 Rg1+ 42. Kh2 Ra1 43. Kg3 Rg1+ 44. Kh2 Ra1 45. Bg5 Rxa4 46. Bf6
Nf4 47. Rxg7+ Kh6 48. Rd7 Kg6 49. Be5 Nd3 50. Rd6+ Kf7 51. Rxd5 Nxe5 52. Rxe5
Rxd4 53. Rxh5 Ra4 54. Kg3 a6 55. bxa6 Rxa6 56. Rh6 Kg7 57. Rc6 Kh7 58. h5 Ra5
59. Kg4 Rb5 60. f4 Rb1 61. f5 b5 62. Rc7+ Kg8 63. h6 b4 64. f6 Rh1 65. Kg5 b3
66. Rb7 Rg1+ 67. Kf5 Rh1 68. Rxb3 Rxh6 69. Ke6 Kh7 70. Ke7 1-0